000 00678nam a2200229Ia 4500
003 OSt
005 20221005125605.0
006 a|||||r|||| 00| 0
007 ta
008 221004b |||||||| |||| 00| 0 eng d
024 _a34656
037 _cTextual
040 _aCRL
_cCRL
_beng
041 _2eng
_aeng
082 _aZg, G0
100 _aSlater J A
_9636865
245 0 _aPitman's bills,cheques,and notes
_ba handbook for lawyers and business men together with the bills of exchange act 1882 and the bills of exchange (crissed cgeqyes)act 1906.
260 _c1930
650 _aLAW
942 _hZg, G0
_cTEXL
_2cc
999 _c1054458
_d1054458